000 00485nam a2200181Ia 4500
001 9409
005 20260306161716.0
008 260306t2007||||xx |||||||||||||| ||spa||
041 _aESP
082 _a378.83
_bL12
100 _aChile. Universidad de Tarapacá (ed.)
_eAUT
245 0 _aLa universidad de Tarapacá de Arica en la Región de Arica y Parinacota
260 _c2007
300 _a114 páginas :
_c24 cm.
650 _aGEN
654 _aCED
942 _cLIB
_dJUS
_fJUS
_2ddc
_n
999 _c9409
_d9409